Biología poblacional de la especie rhagoletis tomatis y su control en tomates con bromuro de metilo

Saved in:
Bibliographic Details
Corporate Author: Ministerio de Agricultura (Author)
Format: Book
Language:Spanish
Published: Santiago Ministerio de Agricultura 1994
Subjects:
Tags: Add Tag
No Tags, Be the first to tag this record!

MARC

LEADER 00000nam a2200000 a 4500
001 UCR4049
003 CL-VaPUC
008 980307e19940000CL |||||||||||||||||spa|d
082 0 4 |a 635.642  |b MIN  |2 21 
110 2 |a Ministerio de Agricultura  |e author  |9 403605 
245 1 0 |a Biología poblacional de la especie rhagoletis tomatis y su control en tomates con bromuro de metilo 
300 |a 223 p 
942 |c BK 
945 |d 19980307 00:00:00  |a rleighto 
260 |a Santiago  |b Ministerio de Agricultura  |c 1994 
650 7 |a TOMATE  |2 CL-VaPUC  |9 264158 
650 0 |a Cultivo  |9 264268 
650 7 |a CONTROL FITOSANITARIO  |2 CL-VaPUC  |9 395517 
650 0 |a Bromuro de metilo  |9 403606 
650 7 |a PULPA  |2 CL-VaPUC  |9 403607 
650 7 |a LYCOPERSICON ESCULENTUM  |2 CL-VaPUC  |9 264426 
583 |a last modification  |c 19980307 00:00:00  |k Rodrigo Vera 
999 |c 267013  |d 267011